000 02917cam a22005054i 4500
003 PE-LiUPU
005 20250731173359.0
008 150706s2005 ck a rb 000 0 spa d
020 _a9780311110650
035 _a(Sirsi) i9780311110650
040 _aPE-LiUPU
_bspa
_cPE-LiUPU
_erda
049 _aPRUA
082 0 4 _a254
_bA2
_221
245 0 0 _aAdministración básica para iglesias y ministerios cristianos /
_ceditado por Michael J. Anthony y James Estep.
264 1 _aColombia :
_bMundo Hispano,
_c2005.
300 _a475 páginas :
_bilustraciones ;
_c24 centímetros
336 _atext
_2rdacontent
337 _aunmediated
_2rdamedia
338 _avolume
_2rdacarrier
504 _aIncluye bibliografía.
505 0 _aIntegración -- Perspectivas bíblicas de la administración cristiana -- Una teología de la administración -- Planificación -- La construcción de la misión y la visión -- Desarrollo de metas y objetivos -- Desarrollo de un plan estratégico para el ministerio -- Las políticas y los procedimientos como herramientas de planificación -- Preparación e interpretación de un presupuesto -- Ministerio por objetivos -- Organización -- Estructuras organizacionales -- Preparación de descripciones de tareas -- Conducción de sesiones eficaces -- Los líderes del ministerio como agentes de cambio -- Toma de decisiones y comunicación y comunicación dentro de la organización -- Reclutamiento del personal -- Reclutamiento y examen de voluntarios -- Desarrollo de miembros del personal -- Consideraciones éticas y legales en el ministerio -- Dirección -- Desarrollo de líderes -- La "mentoría" en el ministerio -- Transformación de grupos en equipos -- Estrategias del liderazgo -- El trabajo con juntas y comités -- Evaluación -- Realización de revisiones de desempeño -- Evaluación de la eficacia de los programas.
526 _aSEG42
526 _aSEG41
526 _aSEG40
526 _aSEG39
526 _aP94
526 _aP87
526 _aP86
526 _aP85
526 _aP77
526 _aP76
526 _aP35
541 _g001-0000499;
650 1 4 _aAdministracion de iglesia.
_93802
700 1 _aAlmanza, Adelina,
_etraductor.
700 1 _aAlmanza, Francisco,
_etraductor.
700 1 _aAnthony, Michael J.,
_eeditor.
700 1 _aEstep, James,
_eeditor.
910 _agl
_bjv
_clch
_d20100215
942 _2ddc
_cBOOK
949 _a254 A2
_wDEWEY
_c1
_i62460
_d2016-12-7
_e2016-12-7
_lCCODEBUL1
_mBUL
_n4
_p27.00
_r0
_sY
_tBOOK
_u2015-7-6
_xTEOLOGIA
_PP35
_0COMPRA
_o.STAFF. Colección General
994 _aC0
_bPEPRU
596 _a1
999 _a254 A2
_wDEWEY
_c51518
_i62460
_d51518
_e2022-6-28
_f2021-11-10
_g5
_lCCODEBUL1
_mBUL
_n7
_p27.00
_q2
_r0
_sY
_tBOOK
_u2015-7-6
_xTEOLOGIA
_PP35
_0COMPRA
_o.STAFF. Colección Teología
980 _81
_gALBERTO SANCHEZ Responsable de Automatización